000 00703nam a2200217 a 4500
005 20220623063500.0
008 991125s1990 mad 000 0 spa u
020 _a8478690158
035 _aUPN01000042959
049 _aCG
050 4 _aLB1131
_bP76 no.12
100 1 _aYuste Hernanz, Carlos
_929510
245 1 0 _aOrientación espacio-temporal. Programas para la estimulación de las habilidades de la inteligencia /
_cCarlos Yuste Hernanz ; il. Juan Miguel S. Quiros.
260 _aMadrid :
_bCEPE,
_c1990.
300 _a95 p. :
_bil., col.
440 0 _aProgresint ;
_v12
500 _a"Ciclo inicial. Nivel 2"
650 4 _aORIENTACION
650 4 _aPERCEPCION ESPACIAL
_98166
905 _aLibro
999 _c42959
_d42959